Statistics for Biology Quiz #1

Click here to take the quiz!

General Stats

  • This quiz has been taken 129 times
  • The average score is 9 of 15

Answer Stats

HintAnswer% Correct
How many chambers of the heart are there?4
93%
What is the largest organ of a human body?The Skin
81%
What is the largest bone in the human body?Femur
80%
What is the powerhouse of the human cell?Mitochondria
77%
What's the largest artery in the human body?Aorta
76%
What are the tiny blood vessels that connect arteries and veins?Capillaries
75%
Name one of the two parts of the human body that never stop growingEars or Nose
65%
What sheet-like muscle is found at the bottom of the human chest?Diaphragm
64%
What process involves one cell splitting into two identical cells?Mitosis
64%
What blood type is known as the universal blood donor?O negative
61%
The Central Nervous System consists mainly of the brain and what?Spinal Cord
60%
The first vaccine ever targeted which disease?Smallpox
51%
How many bones and teeth does the average adult human have combined?238
46%
What is the strongest muscle in the human body?Masseter
19%
How many organs are in the human body?78
11%

Score Distribution

Percentile by Number Answered

Percent of People with Each Score

Your Score History

You have not taken this quiz